La Discusión: (Registro nro. 1019)

Detalles MARC
000 -LEADER
campo de control de longitud fija 00681nas a2200241 i 4500
001 - NÚMERO DE CONTROL
campo de control 1019
003 - IDENTIFICADOR DE NÚMERO DE CONTROL
campo de control ES-MaACL
005 - FECHA Y HORA DE LA ÚLTIMA TRANSACCIÓN
campo de control 20250718150756.0
008 - DATOS DE LONGITUD FIJA--INFORMACIÓN GENERAL
campo de control de longitud fija 950801d18799999cu dr n 0 1b|spa d
022 ## - NÚMERO INTERNACIONAL NORMALIZADO PARA PUBLICACIONES SERIADAS
Número Internacional Normalizado para Publicaciones Seriadas 2335-4925
080 ## - NÚMERO DE LA CLASIFICACIÓN DECIMAL UNIVERSAL
Número de la Clasificación Decimal Universal (054)
245 03 - MENCIÓN DEL TÍTULO
Título La Discusión:
Resto del título diario político / dir., Adolfo Márquez Sterling.
260 ## - PUBLICACIÓN, DISTRIBUCIÓN, ETC.
Lugar de publicación, distribución, etc. La Habana :
Nombre del editor, distribuidor, etc. [La Discusión],
Fecha de publicación, distribución, etc. 1879-
300 ## - DESCRIPCIÓN FÍSICA
Extensión 1 v. ;
Dimensiones 63 cm.
310 ## - PERIODICIDAD ACTUAL
Periodicidad actual Diaria
362 0# - FECHAS DE PUBLICACIÓN Y/O DESIGNACIÓN SECUENCIAL
Fecha de publicación y/o designación secuencial Año I ( 1 feb. 1879)-
650 14 - PUNTO DE ACCESO ADICIONAL DE MATERIA--TÉRMINO DE MATERIA
Término de materia o nombre geográfico como elemento de entrada Periódicos
9 (RLIN) 15941
700 1# - ENTRADA AGREGADA--NOMBRE PERSONAL
Nombre de persona Márquez Sterling, Adolfo,
9 (RLIN) 226347
852 ## - LOCALIZACIÓN
Ubicación ES-MaACL
Número de control de estantería HEM-GF-10
Signatura antigua Olim: Hem-557
866 #0 - MENCIÓN TEXTUAL DE FONDOS--UNIDAD BIBLIOGRÁFICA BÁSICA
Fondos (1879).
942 ## - ELEMENTOS DE ENTRADA SECUNDARIOS (KOHA)
Fuente del sistema de clasificación o colocación Clasificación decimal universal
Tipo de ítem Koha Periódico
Existencias
Estatus retirado Estado de pérdida Fuente del sistema de clasificación o colocación Estado de daño No para préstamo Colección Biblioteca de origen Biblioteca actual Ubicación en estantería Fecha de adquisición Total de préstamos Signatura topográfica completa Código de barras Visto por última vez Precio de reemplazo Tipo de ítem Koha
    Clasificación decimal universal     Periódicos y Revistas Biblioteca del Ateneo de Madrid Biblioteca del Ateneo de Madrid Depósito 1 17/01/2008   HEM-GF-10 1001038 23/02/2023 23/02/2023 Periódico